000 00916nam a2200277 a 4500
001 57983
003 BD-RjUL
005 20211209080555.0
008 161212s1981 njua b 001 0 eng
020 _a0138435162 (pbk.)
035 _a(BD-RjUL)58107
040 _aDLC
_cDLC
_dm.c
_beng
041 _aeng
082 _223
_a320.973
_bBUS 1981
100 1 _aBurns, James MacGregor.
_9172210
245 1 0 _aState and local politics :
_bgovernment by the people /
_cJames MacGregor Burns, J. W. Peltason, Thomas E. Cronin
250 _a3rd ed.
260 _aEnglewood Cliffs :
_bPrentice-Hall,
_cc1981
300 _axi, 287 p. :
_bill ;
_c23 cm
504 _aIncludes bibliographies and index
650 0 _aState governments
_9171732
650 0 _aLocal government
_zUnited States
_9171731
700 1 _aPeltason, J. W.
_q(Jack Walter),
_d1923-2015.
_9172211
700 1 _aCronin, Thomas E.
_9172212
942 _2ddc
_cBK
999 _c57983
_d57983